000 00652nam a2200217 4500
003 OSt
005 20240702052224.0
006 a
008 240702b |||||||| |||| 00| 0 eng d
020 _a9789810696115
040 _aDWCL-Main lib.
_cOC
082 _2Seventh edition
_aCirc. 658.1522 K37f 2011
100 _aKeown, Arthur J.
245 _aFoundations of finance /
250 _aSeventh edition
260 _aSingapore :
_bPearson Education South Asia Pte Ltd. ,
_cc2011.
300 _axxxi,
_b522 p. : ill. ;
_c28 cm.
504 _aIncludes index.
650 _a1. Corporations-Finance.
942 _2ddc
_n0
_cBK-CIRC
_eSeventh edition
_kCirc.
999 _c1784
_d1784